00298nam a2200121Ia 4500008004100000100001700041245002400058260002900082300000900111650003200120942000700152999001700159190216s9999||||xx |||||||||||||| ||und|| aJane Austein 0aPride And Prejudice bThe Pocket Libraryc1956 a436p aEnglish Novel-English Novel cBK c12096d12096